Arcok A cigánybáróból Pali : Kibédy Ervin /
Elmentve itt :
| Szerző: | |
|---|---|
| Dokumentumtípus: | Cikk |
| Megjelent: |
1967-08-12
|
| Sorozat: | Délmagyarország
57 No. 189 |
| Kulcsszavak: | Kibédy Ervin, Szabadtéri Játékok, Színházi élet operett Szeged interjú 1967 |
| Online Access: | http://dmarchiv.bibl.u-szeged.hu/78158 |
| LEADER | 00535nab a2200157 i 4500 | ||
|---|---|---|---|
| 001 | delm78158 | ||
| 005 | 20180928084322.0 | ||
| 008 | 180928s1967 hu o 0|| hun d | ||
| 040 | |a SZTE Délmagyarország Archívum |b hun | ||
| 041 | |a hun | ||
| 100 | 1 | |a Jakab Ágnes | |
| 245 | 1 | 0 | |a Arcok A cigánybáróból |h [elektronikus dokumentum] : |b Pali : Kibédy Ervin / |c Jakab Ágnes |
| 260 | |c 1967-08-12 | ||
| 300 | |a 5 | ||
| 490 | 0 | |a Délmagyarország |v 57 No. 189 | |
| 695 | |a Kibédy Ervin, Szabadtéri Játékok, Színházi élet operett Szeged interjú 1967 | ||